000 00701nam a22001817a 4500
003 OSt
005 20200803160656.0
008 200803b xxu||||| |||| 00| 0 eng d
040 _cMarathi
082 _b965
100 _aनातू, म. गं.
245 _aआगरकर वाड्मय : खंड ३
260 _c1984
_aमुंबई
_bमहाराष्ट्र राज्य साहित्य आणि संस्कृती मंडळ
300 _a३६४ पृष्ठे
700 _aदेशपांडे, दि. य.
856 _uhttp://dspace.vpmthane.org:8080/jspui/bitstream/123456789/8791/1/965Aagarkar-Vol-3.pdf
942 _2ddc
_cEBOOK
999 _c1408277
_d1408272